[Event "30. Internationales Böblinger Open"]
[Site "Böblingen"]
[Date "2013.12.26"]
[Round "1"]
[White "Azemi, Flamur"]
[Black "Eisenbeiser, Amadeus"]
[Result "0-1"]
[WhiteElo "2079"]
[BlackElo "2341"]
[PlyCount "56"]
[EventDate "2013.12.26"]
[EventType "swiss"]
[EventRounds "9"]
[EventCountry "GER"]

1. e4 d6 2. d4 g6 3. Nf3 Bg7 4. Bd3 Nd7 5. O-O a6 6. Re1 e6 7. Nbd2 Ne7 8. c3
O-O 9. Nf1 b6 10. Ng3 Bb7 11. Bg5 h6 12. Bd2 e5 13. Qc1 Kh7 14. h4 f5 15. h5 f4
16. hxg6+ Nxg6 17. Nf5 Bf6 18. g3 Ne7 19. Nxe7 Qxe7 20. Kg2 Rg8 21. Rh1 Rg6 22.
Qc2 Rag8 23. Rh3 fxg3 24. fxg3 Qg7 25. Kf2 Rxg3 26. Bxh6 Rxf3+ 27. Rxf3 Qxh6
28. Rf1 Bh4+ 0-1

[Event "30. Internationales Böblinger Open"]
[Site "Böblingen"]
[Date "2013.12.26"]
[Round "1"]
[White "Bonk, Andras"]
[Black "Schild, Christoph"]
[Result "1/2-1/2"]
[WhiteElo "2087"]
[BlackElo "2084"]
[PlyCount "104"]
[EventDate "2013.12.26"]
[EventType "swiss"]
[EventRounds "9"]
[EventCountry "GER"]

1. e4 e6 2. d4 d5 3. Nd2 dxe4 4. Nxe4 Nd7 5. Nf3 Ngf6 6. Nxf6+ Nxf6 7. Bg5 Be7
8. Bd3 h6 9. Bxf6 Bxf6 10. Qe2 c5 11. Bb5+ Bd7 12. O-O-O cxd4 13. Ne5 Bxe5 14.
Qxe5 Qg5+ 15. Qxg5 hxg5 16. Bxd7+ Kxd7 17. Rxd4+ Ke7 18. h3 Rac8 19. Rhd1 Rc7
20. R1d3 Rh6 21. Kd2 Rf6 22. f3 Rf5 23. Rc3 Rfc5 24. Rxc5 Rxc5 25. Kd3 f5 26.
Rb4 b6 27. Rc4 Rd5+ 28. Rd4 Re5 29. Kd2 Rc5 30. b4 Rc7 31. Kd3 b5 32. g4 g6 33.
c4 e5 34. Rd5 bxc4+ 35. Kc3 Ke6 36. Ra5 e4 37. gxf5+ gxf5 38. fxe4 fxe4 39.
Rxg5 Kf6 40. Rc5 Rd7 41. Rc8 Ke5 42. Re8+ Kf4 43. Kxc4 e3 44. a4 Kf3 45. b5 e2
46. a5 Rd1 47. b6 axb6 48. axb6 e1=Q 49. Rxe1 Rxe1 50. Kd5 Rb1 51. Kc6 Rc1+ 52.
Kd7 Kg3 1/2-1/2

[Event "30. Internationales Böblinger Open"]
[Site "Böblingen"]
[Date "2013.12.26"]
[Round "1"]
[White "Brendel, Bergit"]
[Black "Schmitz, Thorsten"]
[Result "0-1"]
[WhiteElo "2060"]
[BlackElo "2302"]
[PlyCount "40"]
[EventDate "2013.12.26"]
[EventType "swiss"]
[EventRounds "9"]
[EventCountry "GER"]

1. e4 e5 2. Nf3 d6 3. d4 exd4 4. Nxd4 Nf6 5. Nc3 Be7 6. Be2 O-O 7. Be3 Re8 8.
Qd2 Bf8 9. Bg5 h6 10. Bxf6 Qxf6 11. O-O-O c6 12. g4 b5 13. Ndxb5 cxb5 14. Bxb5
Bd7 15. Bc4 Nc6 16. Nd5 Qd8 17. g5 Rxe4 18. Ne3 Qxg5 19. Rdg1 Qf4 20. Bd3 Re5
0-1

[Event "30. Internationales Böblinger Open"]
[Site "Böblingen"]
[Date "2013.12.26"]
[Round "1"]
[White "Cafolla, Peter"]
[Black "Schulze, Ulrich"]
[Result "0-1"]
[WhiteElo "2065"]
[BlackElo "2309"]
[PlyCount "90"]
[EventDate "2013.12.26"]
[EventType "swiss"]
[EventRounds "9"]
[EventCountry "GER"]

1. d4 Nf6 2. c4 g6 3. Nc3 d5 4. Bg5 Bg7 5. Bxf6 Bxf6 6. cxd5 c6 7. e3 cxd5 8.
Qb3 e6 9. Nf3 Nc6 10. Be2 O-O 11. O-O b6 12. Rfd1 Bb7 13. Rac1 Qe7 14. Nd2 Rfc8
15. a3 Bxd4 16. exd4 Nxd4 17. Qa4 Qh4 18. Kh1 Qxf2 19. Nde4 dxe4 20. Qxd4 e3
21. Rg1 Rxc3 22. Rxc3 Qxe2 23. Rxe3 Qf2 24. Qe5 Rc8 25. Ree1 Bd5 26. b4 Rc2 27.
Qb8+ Kg7 28. Qe5+ f6 29. Qg3 Qxg3 30. hxg3 Rc3 31. Kh2 Rxa3 32. Ra1 Rb3 33.
Rxa7+ Kh6 34. Rf1 f5 35. Rf4 g5 36. Rd4 Rb2 37. Kg1 Rxg2+ 38. Kf1 Rxg3 39. Ra6
g4 40. Rxb6 Kg5 41. Rb8 Rb3 42. Rf8 g3 43. Rg8+ Kf6 44. Rh4 g2+ 45. Kf2 Rb1 0-1

[Event "30. Internationales Böblinger Open"]
[Site "Böblingen"]
[Date "2013.12.26"]
[Round "1"]
[White "Fedorovsky, Michael"]
[Black "Wettengel, Alexander"]
[Result "1-0"]
[WhiteElo "2388"]
[BlackElo "2095"]
[PlyCount "89"]
[EventDate "2013.12.26"]
[EventType "swiss"]
[EventRounds "9"]
[EventCountry "GER"]

1. d4 d5 2. c4 e6 3. Nc3 Bb4 4. a3 Bxc3+ 5. bxc3 c5 6. e3 Nf6 7. cxd5 exd5 8.
Bd3 O-O 9. Ne2 cxd4 10. cxd4 Nc6 11. O-O Re8 12. Nf4 Be6 13. Rb1 Qc7 14. Bd2
Rad8 15. Qb3 Bc8 16. Rfc1 g5 17. Ne2 Ng4 18. Ng3 h5 19. h3 h4 20. Nf1 Nf6 21.
f3 Qd6 22. Qa4 Nh5 23. Bb5 Bd7 24. Bxc6 Bxc6 25. Qxa7 Ra8 26. Qc5 Qxc5 27. Rxc5
Rxa3 28. e4 Nf4 29. Bxf4 gxf4 30. exd5 Ba4 31. d6 Rd8 32. Rg5+ Kf8 33. Rxb7
Rxd6 34. Rf5 Rxd4 35. Rfxf7+ Kg8 36. Rg7+ Kh8 37. Rh7+ Kg8 38. Rbg7+ Kf8 39.
Rf7+ Kg8 40. Rfg7+ Kf8 41. Ra7 Kg8 42. Rhb7 Rad3 43. Rb8+ Rd8 44. Rxd8+ Rxd8
45. Rxa4 1-0

[Event "30. Internationales Böblinger Open"]
[Site "Böblingen"]
[Date "2013.12.26"]
[Round "1"]
[White "Janzelj, Tim"]
[Black "Reimold, Jonas"]
[Result "1-0"]
[WhiteElo "2282"]
[BlackElo "2059"]
[PlyCount "73"]
[EventDate "2013.12.26"]
[EventType "swiss"]
[EventRounds "9"]
[EventCountry "GER"]

1. d4 f5 2. g3 g6 3. Bg2 Nf6 4. Nh3 Bg7 5. O-O O-O 6. c4 d6 7. d5 a5 8. Nc3 Na6
9. Be3 Bd7 10. Nf4 Qe8 11. Qb3 Ng4 12. Nd1 Nb4 13. Ne6 Bxe6 14. dxe6 c5 15. Rc1
a4 16. Qa3 Qc8 17. Bd2 Nc6 18. Bc3 Nf6 19. Ne3 Ra6 20. Nd5 Nxd5 21. Bxg7 Kxg7
22. cxd5 Nd4 23. Qd3 Rb6 24. Rc4 Kg8 25. e3 Nb5 26. g4 Nc7 27. gxf5 Rxf5 28.
Rg4 Qf8 29. Be4 Rf6 30. Qc2 Rb4 31. a3 Rb6 32. h4 Kh8 33. Kg2 Ne8 34. h5 g5 35.
Bxh7 Ng7 36. Rxg5 Rh6 37. Bg6 1-0

[Event "30. Internationales Böblinger Open"]
[Site "Böblingen"]
[Date "2013.12.26"]
[Round "1"]
[White "Langensteiner, Matthias"]
[Black "Kachar, Vladimir"]
[Result "0-1"]
[WhiteElo "2059"]
[BlackElo "2290"]
[PlyCount "120"]
[EventDate "2013.12.26"]
[EventType "swiss"]
[EventRounds "9"]
[EventCountry "GER"]

1. d4 Nf6 2. c4 e6 3. Nf3 b6 4. g3 Bb7 5. Bg2 c5 6. e3 Qc7 7. b3 cxd4 8. exd4
d5 9. Bf4 Bd6 10. Bxd6 Qxd6 11. O-O dxc4 12. bxc4 O-O 13. Nc3 Rc8 14. Nb5 Qf8
15. Qe2 Nc6 16. Rac1 Na5 17. Ne5 Bxg2 18. Kxg2 a6 19. Nc3 Rc7 20. d5 Re8 21.
Qd3 exd5 22. Nxd5 Nxd5 23. cxd5 Rxc1 24. Rxc1 Rxe5 25. d6 Re8 26. d7 Rd8 27.
Rc7 b5 28. Qd5 Nc4 29. Qb7 g6 30. Qxa6 Ne5 31. Qxb5 Qe7 32. a4 Rxd7 33. Rxd7
Nxd7 34. a5 Nc5 35. a6 Qa7 36. Qe8+ Kg7 37. Qe5+ Kf8 38. Qd6+ Ke8 39. Qe5+ Kd7
40. Qd5+ Ke7 41. Qg5+ Kd6 42. Qd8+ Kc6 43. Qh8 h5 44. Qf6+ Kb5 45. f4 Nxa6 46.
Qb2+ Nb4 47. Qe5+ Qc5 48. Qb8+ Kc4 49. Kh3 Qf5+ 50. Kg2 Qd5+ 51. Kh3 Nc6 52.
Qc7 Kd3 53. Qb6 Nd4 54. Qb1+ Kc4 55. Qa2+ Kc5 56. Qa5+ Kc6 57. Qa8+ Kc5 58.
Qa7+ Kd6 59. Qb6+ Ke7 60. Qb4+ Kf6 0-1

[Event "30. Internationales Böblinger Open"]
[Site "Böblingen"]
[Date "2013.12.26"]
[Round "1"]
[White "Neyman, Igor"]
[Black "Kroneder, Christian"]
[Result "1/2-1/2"]
[WhiteElo "2301"]
[BlackElo "2059"]
[PlyCount "104"]
[EventDate "2013.12.26"]
[EventType "swiss"]
[EventRounds "9"]
[EventCountry "GER"]

1. d4 d5 2. c4 c6 3. Nf3 Nf6 4. Nc3 a6 5. Ne5 e6 6. Bf4 Be7 7. e3 O-O 8. Bd3
dxc4 9. Bxc4 Nd5 10. Bg3 Qa5 11. Qb3 b5 12. Be2 c5 13. O-O Bb7 14. Bf3 Nxc3 15.
bxc3 Bxf3 16. gxf3 c4 17. Qc2 Ra7 18. a4 Rc8 19. axb5 Qxb5 20. Rfb1 Qd5 21. e4
Qa8 22. Nxc4 Nd7 23. Qa4 h5 24. Nb6 Nxb6 25. Rxb6 h4 26. Bf4 g5 27. Bd2 g4 28.
Qd1 Bd8 29. Rb3 f5 30. Bf4 gxf3 31. d5 Rg7+ 32. Kh1 fxe4 33. dxe6 Qc6 34. Qd6
Qc4 35. Rb8 Be7 36. Rxc8+ Qxc8 37. Qb8 Qxb8 38. Bxb8 Bc5 39. Be5 Re7 40. Rd1
Bxf2 41. Rd6 Rb7 42. Rd8+ Kh7 43. Rd7+ Rxd7 44. exd7 Bb6 45. Bd4 Bd8 46. Kg1
Kg6 47. Kf2 Kf5 48. c4 Ke6 49. Ke3 Kf5 50. Kf2 Ke6 51. Ke3 Kf5 52. Kf2 Ke6
1/2-1/2

[Event "30. Internationales Böblinger Open"]
[Site "Böblingen"]
[Date "2013.12.26"]
[Round "1"]
[White "Schroeter, Samuel"]
[Black "Malek, Daniel"]
[Result "1/2-1/2"]
[WhiteElo "2095"]
[BlackElo "2389"]
[PlyCount "138"]
[EventDate "2013.12.26"]
[EventType "swiss"]
[EventRounds "9"]
[EventCountry "GER"]

1. c4 Nf6 2. g3 c6 3. Bg2 d5 4. cxd5 cxd5 5. Nf3 Nc6 6. O-O e5 7. d3 Be7 8. Bg5
O-O 9. Nc3 d4 10. Bxf6 Bxf6 11. Ne4 Be7 12. Rc1 Qb6 13. Qc2 Be6 14. Qb1 f6 15.
Ned2 Rac8 16. a3 g5 17. b4 g4 18. Ne1 Qd8 19. Nb3 Qd7 20. Nc5 Bxc5 21. Rxc5 b6
22. Rc1 Ne7 23. f4 gxf3 24. Bxf3 Rxc1 25. Qxc1 Kg7 26. e4 Rc8 27. Qd2 Rc3 28.
Qf2 Ng8 29. g4 Kh8 30. g5 Qg7 31. Kh1 fxg5 32. Rg1 Rxa3 33. Qg3 h6 34. Bg4 Bxg4
35. Qxg4 Qf7 36. Nf3 Qf4 37. Qh5 Ra2 38. Nxg5 Rf2 39. Ne6 Qf3+ 40. Qxf3 Rxf3
41. Rd1 Ne7 42. Kg2 Rf6 43. Nc7 Rc6 44. Nd5 Nxd5 45. exd5 Rd6 46. Ra1 Rxd5 47.
Rxa7 Rb5 48. Kf3 Rxb4 49. Ke4 Rb2 50. Kxe5 Rxh2 51. Kxd4 Rh5 52. Rb7 Rb5 53.
Ke4 h5 54. Kf4 Kg8 55. d4 Kf8 56. Rh7 Ke8 57. Ke4 Rg5 58. Rb7 b5 59. Kf4 Rg4+
60. Kf5 Rxd4 61. Rxb5 h4 62. Rb7 Kf8 63. Kg5 Kg8 64. Rb8+ Kg7 65. Rb7+ Kg8 66.
Rb8+ Kf7 67. Rb7+ Ke6 68. Rh7 Ke5 69. Rxh4 Rxh4 1/2-1/2

[Event "30. Internationales Böblinger Open"]
[Site "Böblingen"]
[Date "2013.12.26"]
[Round "1"]
[White "Schulte, Thorsten"]
[Black "Milov, Leonid"]
[Result "0-1"]
[WhiteElo "2112"]
[BlackElo "2525"]
[PlyCount "48"]
[EventDate "2013.12.26"]
[EventType "swiss"]
[EventRounds "9"]
[EventCountry "GER"]

1. d4 Nf6 2. c4 c5 3. Nf3 cxd4 4. Nxd4 e5 5. Nb5 d5 6. cxd5 Bc5 7. e3 O-O 8.
N5c3 Qe7 9. Be2 e4 10. a3 Rd8 11. b4 Bd6 12. Bb2 a5 13. b5 Nbd7 14. Nd2 Nb6 15.
Nc4 Nxc4 16. Bxc4 Bf5 17. h3 Rac8 18. Qb3 Nd7 19. Na4 Ne5 20. Rc1 Nd3+ 21. Bxd3
exd3 22. Kd2 Qh4 23. g3 Bxg3 24. Rcg1 Rc2+ 0-1

[Event "30. Internationales Böblinger Open"]
[Site "Böblingen"]
[Date "2013.12.26"]
[Round "1"]
[White "Seidel, Juergen"]
[Black "Matnadze, Ana"]
[Result "0-1"]
[WhiteElo "2087"]
[BlackElo "2382"]
[PlyCount "106"]
[EventDate "2013.12.26"]
[EventType "swiss"]
[EventRounds "9"]
[EventCountry "GER"]

1. e4 c6 2. d3 g6 3. Nf3 Bg7 4. Be2 d5 5. Nbd2 e5 6. O-O Ne7 7. c3 O-O 8. Re1
h6 9. b4 a5 10. a3 f5 11. Bb2 g5 12. Nb3 a4 13. Nc5 Ng6 14. c4 b6 15. Nxa4 g4
16. Nd2 dxe4 17. dxe4 Rxa4 18. Qxa4 Qxd2 19. Qb3 fxe4 20. c5+ Kh7 21. Rad1 Qf4
22. Qe3 bxc5 23. Qxc5 Nd7 24. Qe3 h5 25. Rd6 Ne7 26. Bc1 Qxe3 27. Bxe3 Nf6 28.
Bc5 Re8 29. Bc4 Bf5 30. a4 e3 31. Bxe3 Ne4 32. Rdd1 Nc3 33. Ra1 e4 34. Ra3 Ned5
35. Bc5 Nc7 36. Rc1 N3d5 37. b5 Bb2 38. Rca1 Bxa3 39. Bxa3 Nc3 40. Rc1 cxb5 41.
axb5 N7xb5 42. Bb2 Rc8 43. Bxb5 Nxb5 44. Rxc8 Bxc8 45. Kf1 Kg6 46. Bc1 Kf5 47.
Bb2 Nd6 48. Bd4 Nf7 49. Bc3 Ng5 50. Ke2 h4 51. Ba5 Ne6 52. Ke3 Bb7 53. Bb6 Nf4
0-1

[Event "30. Internationales Böblinger Open"]
[Site "Böblingen"]
[Date "2013.12.26"]
[Round "1"]
[White "Sponheim, Marko"]
[Black "Gavrilov, Alexei V"]
[Result "1/2-1/2"]
[WhiteElo "2106"]
[BlackElo "2452"]
[PlyCount "61"]
[EventDate "2013.12.26"]
[EventType "swiss"]
[EventRounds "9"]
[EventCountry "GER"]

1. e4 c6 2. d4 d5 3. Nc3 dxe4 4. Nxe4 Bf5 5. Ng3 Bg6 6. h4 h6 7. Nf3 Nd7 8. h5
Bh7 9. Bd3 Bxd3 10. Qxd3 e6 11. Bd2 Ngf6 12. O-O-O Be7 13. Ne4 Qb6 14. Nxf6+
Nxf6 15. Ne5 Rd8 16. Be3 Nd5 17. c4 Nxe3 18. fxe3 O-O 19. Kb1 c5 20. Qe4 Qc7
21. Rhf1 Bd6 22. Ng4 cxd4 23. exd4 Qxc4 24. Nf6+ gxf6 25. Qg4+ Kh7 26. Rxf6 Rc8
27. Qe4+ Kg7 28. Rg6+ fxg6 29. Qxg6+ Kh8 30. Qxh6+ Kg8 31. Qg6+ 1/2-1/2

[Event "30. Internationales Böblinger Open"]
[Site "Böblingen"]
[Date "2013.12.26"]
[Round "1"]
[White "Vuckovic, Aleksandar"]
[Black "Templin, Klaus Dieter"]
[Result "1-0"]
[WhiteElo "2317"]
[BlackElo "2074"]
[PlyCount "87"]
[EventDate "2013.12.26"]
[EventType "swiss"]
[EventRounds "9"]
[EventCountry "GER"]

1. e4 e6 2. d4 d5 3. Nd2 c5 4. exd5 Qxd5 5. Ngf3 cxd4 6. Bc4 Qd6 7. O-O Nf6 8.
Nb3 Nc6 9. Nbxd4 Nxd4 10. Qxd4 Qxd4 11. Nxd4 a6 12. Be2 Bd6 13. Rd1 Bc7 14. c4
Bd7 15. Be3 e5 16. Nb3 O-O-O 17. Nc5 Bc6 18. b4 Rxd1+ 19. Rxd1 Rd8 20. Rc1 Bd6
21. b5 Bxc5 22. Bxc5 Be4 23. f3 Rd2 24. Bf1 Bf5 25. Bf8 Rxa2 26. Bxg7 Nd7 27.
g4 Be6 28. Bd3 Nc5 29. Bxh7 e4 30. bxa6 bxa6 31. fxe4 Nd3 32. Ra1 Rxa1+ 33.
Bxa1 Bxg4 34. Bf5+ Bxf5 35. exf5 Kd8 36. Kg2 a5 37. Kf3 a4 38. Ke4 Nc5+ 39. Kd5
Nb3 40. Bf6+ Kc8 41. h4 Nc1 42. h5 Nd3 43. h6 Nf4+ 44. Kc6 1-0

[Event "30. Internationales Böblinger Open"]
[Site "Böblingen"]
[Date "2013.12.26"]
[Round "1"]
[White "Vujic, Branimir"]
[Black "Fromm, Christian"]
[Result "1-0"]
[WhiteElo "2349"]
[BlackElo "2080"]
[PlyCount "73"]
[EventDate "2013.12.26"]
[EventType "swiss"]
[EventRounds "9"]
[EventCountry "GER"]

1. d4 Nf6 2. Bf4 e6 3. e3 b6 4. Nd2 Bb7 5. Ngf3 d6 6. c3 Be7 7. Qc2 Nbd7 8. Bd3
h6 9. h3 d5 10. g4 c5 11. Ne5 Nxe5 12. Bxe5 c4 13. Be2 b5 14. f4 Bd6 15. O-O
Bxe5 16. fxe5 Ne4 17. Nxe4 dxe4 18. Rf4 O-O 19. Bf1 f5 20. exf6 gxf6 21. Bg2 f5
22. Raf1 Qd7 23. Qf2 Rae8 24. gxf5 exf5 25. Rxf5 Rxf5 26. Qxf5 Qxf5 27. Rxf5 a6
28. Kf2 Kg7 29. Kg3 Re6 30. Re5 Rg6+ 31. Kf2 Rb6 32. a3 a5 33. Bxe4 Bxe4 34.
Rxe4 b4 35. axb4 axb4 36. Re7+ Kf8 37. Rc7 1-0

[Event "30. Internationales Böblinger Open"]
[Site "Böblingen"]
[Date "2013.12.26"]
[Round "1"]
[White "Winterberg, Lukas"]
[Black "Schwab, Matthias"]
[Result "1-0"]
[WhiteElo "2305"]
[BlackElo "2063"]
[PlyCount "33"]
[EventDate "2013.12.26"]
[EventType "swiss"]
[EventRounds "9"]
[EventCountry "GER"]

1. e4 c5 2. c3 Nf6 3. e5 Nd5 4. d4 cxd4 5. Nf3 Nc6 6. cxd4 d6 7. Bc4 Nb6 8. Bb3
e6 9. exd6 Bxd6 10. O-O O-O 11. Re1 Bd7 12. Nc3 Nb4 13. Qe2 Rc8 14. Bg5 Qe8 15.
Ne5 Bxe5 16. dxe5 Bc6 17. Qg4 1-0

[Event "30. Internationales Böblinger Open"]
[Site "Böblingen"]
[Date "2013.12.27"]
[Round "2"]
[White "Andraschko, Felix"]
[Black "Heimrath, Reiner"]
[Result "1/2-1/2"]
[WhiteElo "2143"]
[BlackElo "2271"]
[PlyCount "104"]
[EventDate "2013.12.26"]
[EventType "swiss"]
[EventRounds "9"]
[EventCountry "GER"]

1. d4 d6 2. Nf3 g6 3. c4 Bg7 4. Nc3 Nd7 5. e4 e5 6. Bg5 f6 7. Be3 Ne7 8. dxe5
Nxe5 9. Nxe5 dxe5 10. Qxd8+ Kxd8 11. O-O-O+ Bd7 12. h4 h5 13. Be2 a6 14. Rd2
Ke8 15. Rhd1 Be6 16. Nd5 Rc8 17. Kb1 Kf7 18. Nxe7 Kxe7 19. a3 Rhd8 20. Rxd8
Rxd8 21. Rxd8 Kxd8 22. Kc2 Bf8 23. Kc3 Be7 24. g3 Bf7 25. f4 exf4 26. Bxf4 g5
27. Be3 gxh4 28. gxh4 f5 29. exf5 Bxh4 30. Kd3 Bf6 31. b4 b5 32. cxb5 axb5 33.
Ke4 c6 34. Bc1 Kd7 35. Bd1 Bg7 36. Bg5 Bc3 37. Kd3 Be5 38. a4 bxa4 39. Bxa4 Kd6
40. Bd1 Bg3 41. Bf3 h4 42. Bg2 Bd5 43. Bh3 Ke5 44. f6 Be6 45. Bxe6 Kxe6 46. f7
Kxf7 47. Bxh4 Bxh4 48. Kc4 Be7 49. b5 c5 50. b6 Ke6 51. b7 Bd6 52. b8=Q Bxb8
1/2-1/2

[Event "30. Internationales Böblinger Open"]
[Site "Böblingen"]
[Date "2013.12.27"]
[Round "2"]
[White "Arlt, Reinhard"]
[Black "Fedorovsky, Michael"]
[Result "0-1"]
[WhiteElo "2183"]
[BlackElo "2388"]
[PlyCount "60"]
[EventDate "2013.12.26"]
[EventType "swiss"]
[EventRounds "9"]
[EventCountry "GER"]

1. e4 c5 2. Nc3 Nc6 3. g3 g6 4. Bg2 Bg7 5. d3 d6 6. Be3 Rb8 7. a3 b5 8. Rb1 a5
9. f4 b4 10. axb4 axb4 11. Nce2 Qb6 12. h3 e6 13. Nf3 Nd4 14. Bxd4 cxd4 15. Nd2
Ne7 16. O-O O-O 17. g4 f5 18. gxf5 exf5 19. Kh1 fxe4 20. dxe4 d5 21. f5 dxe4
22. fxg6 Bb7 23. gxh7+ Kh8 24. Nxe4 Nf5 25. Ra1 Ne3 26. Rxf8+ Rxf8 27. Qd3 Qg6
28. N2g3 Bxe4 29. Qxe4 Qxg3 30. Ra8 Qe1+ 0-1

[Event "30. Internationales Böblinger Open"]
[Site "Böblingen"]
[Date "2013.12.27"]
[Round "2"]
[White "Bijlsma, Nick"]
[Black "Novoselski, Zoran"]
[Result "0-1"]
[WhiteElo "2178"]
[BlackElo "2381"]
[PlyCount "76"]
[EventDate "2013.12.26"]
[EventType "swiss"]
[EventRounds "9"]
[EventCountry "GER"]

1. e4 e5 2. Nf3 Nc6 3. Bb5 a6 4. Ba4 d6 5. Bxc6+ bxc6 6. d4 f6 7. Be3 Ne7 8.
Nc3 Ng6 9. h4 h5 10. Qd3 Be6 11. O-O-O Be7 12. d5 cxd5 13. exd5 Bf7 14. Rdg1
Qd7 15. Qc4 Bd8 16. Nd2 Ne7 17. Qd3 c6 18. dxc6 Qxc6 19. Nb3 Bc4 20. Qd1 d5 21.
g4 Bxb3 22. axb3 d4 23. Bxd4 exd4 24. Qxd4 Bb6 25. Qf4 hxg4 26. Re1 Kf8 27.
Qxg4 Bxf2 28. Ref1 Rd8 29. Rh3 Rd4 30. Qe2 Bxh4 31. Kb1 Nd5 32. Nxd5 Qxd5 33.
Rc3 Kg8 34. b4 Qb5 35. Qe6+ Kh7 36. Rh1 Rhd8 37. Ka2 Qa4+ 38. Ra3 Qxc2 0-1

[Event "30. Internationales Böblinger Open"]
[Site "Böblingen"]
[Date "2013.12.27"]
[Round "2"]
[White "Braeuner, Uwe"]
[Black "Winterberg, Lukas"]
[Result "0-1"]
[WhiteElo "2155"]
[BlackElo "2305"]
[PlyCount "92"]
[EventDate "2013.12.26"]
[EventType "swiss"]
[EventRounds "9"]
[EventCountry "GER"]

1. d4 Nf6 2. Nf3 g6 3. Bf4 Bg7 4. e3 O-O 5. Be2 d6 6. h3 Nbd7 7. O-O c5 8. c3
b6 9. Re1 Bb7 10. Nbd2 a6 11. a4 Ra7 12. Bf1 Qa8 13. Bh2 Rb8 14. c4 Ne4 15. d5
Nxd2 16. Qxd2 b5 17. Ra2 bxc4 18. e4 a5 19. Bxc4 Ba6 20. Bxa6 Rxa6 21. e5 Rab6
22. Re2 Qa6 23. Re4 Qb7 24. Re2 Qa6 25. Re4 Rb4 26. Qe2 Qxe2 27. Rxe2 Bf8 28.
exd6 exd6 29. Ng5 Rd4 30. Ra1 Rxd5 31. Ne4 Re8 32. Rae1 Rd4 33. Nc3 Rxe2 34.
Rxe2 Nb6 35. g4 Nxa4 36. Nb5 Rd3 37. Bf4 f6 38. Rd2 Rxd2 39. Bxd2 Nxb2 40. Bxa5
Kf7 41. Kf1 d5 42. Ke2 d4 43. Bc7 Ke6 44. Kd2 Kd5 45. Bd8 Kc4 46. Nc7 Bh6+ 0-1

[Event "30. Internationales Böblinger Open"]
[Site "Böblingen"]
[Date "2013.12.27"]
[Round "2"]
[White "Burmakin, Vladimir"]
[Black "Wagener, Claude"]
[Result "1/2-1/2"]
[WhiteElo "2585"]
[BlackElo "2217"]
[PlyCount "97"]
[EventDate "2013.12.26"]
[EventType "swiss"]
[EventRounds "9"]
[EventCountry "GER"]

1. d4 Nf6 2. c4 g6 3. Nd2 d5 4. cxd5 Nxd5 5. Ngf3 Bg7 6. e4 Nb6 7. Nb3 O-O 8.
Be2 a5 9. O-O a4 10. Nc5 N8d7 11. Qc2 Nxc5 12. Qxc5 Qd6 13. Qc3 Bg4 14. Be3 f5
15. e5 Qd7 16. h3 Bxf3 17. Bxf3 c6 18. Qc5 Nd5 19. Bd2 e6 20. a3 Rfc8 21. Rac1
Bf8 22. Qc2 Rd8 23. Rfd1 Qg7 24. Qc4 Qd7 25. Rc2 Nb6 26. Qf1 Nd5 27. Bg5 Rdc8
28. Qd3 h6 29. Bc1 Rd8 30. g4 Kh7 31. gxf5 gxf5 32. Kh2 Be7 33. Be3 Rg8 34.
Rcc1 Bg5 35. Rg1 Bf4+ 36. Bxf4 Nxf4 37. Qe3 Nd5 38. Bxd5 Qxd5 39. Rxg8 Rxg8 40.
Rg1 Rxg1 41. Kxg1 Qb5 42. Qc3 Kg6 43. Qg3+ Kh7 44. Qh4 Qb3 45. Kg2 Qd5+ 46. Kg3
Qd7 47. Qf6 b6 48. Qf8 Qg7+ 49. Qxg7+ 1/2-1/2

[Event "30. Internationales Böblinger Open"]
[Site "Böblingen"]
[Date "2013.12.27"]
[Round "2"]
[White "Dorst, Johannes"]
[Black "Maiorov, Nikita"]
[Result "1/2-1/2"]
[WhiteElo "2222"]
[BlackElo "2552"]
[PlyCount "108"]
[EventDate "2013.12.26"]
[EventType "swiss"]
[EventRounds "9"]
[EventCountry "GER"]

1. e4 e5 2. Nf3 Nc6 3. Bb5 a6 4. Bxc6 dxc6 5. O-O f6 6. d4 Bg4 7. dxe5 Qxd1 8.
Rxd1 fxe5 9. Rd3 Bd6 10. Nbd2 b5 11. a4 Ne7 12. b3 Ng6 13. Ba3 Ke7 14. h3 Be6
15. Nf1 Rhf8 16. Ng5 Bg8 17. g3 h6 18. Nf3 Be6 19. Kg2 Rf6 20. axb5 Bxa3 21.
Rxa3 cxb5 22. h4 Raf8 23. N1h2 Bc8 24. Ra1 Nh8 25. Rd5 Nf7 26. Nxe5 c6 27. Rc5
Nd8 28. f4 Rd6 29. Nhf3 g6 30. c4 b4 31. Ra4 Rff6 32. Rca5 Rd1 33. Rxb4 Rb1 34.
Nd3 Rd6 35. Nfe5 Rd1 36. Rb8 Rd2+ 37. Nf2 Rc2 38. Kf3 Rdd2 39. Nfd3 Bh3 40.
Nxg6+ Kd7 41. Nge5+ Kc7 42. Ra8 Rc3 43. Ke3 Rd1 44. Ke2 Bg4+ 45. Nxg4 Rdxd3 46.
R5xa6 Ne6 47. R8a7+ Kb8 48. Nf2 Nd4+ 49. Kf1 Rxg3 50. Ra1 Nxb3 51. Ra8+ Kb7 52.
R8a7+ Kb6 53. R7a6+ Kb7 54. Ra7+ Kb8 1/2-1/2

[Event "30. Internationales Böblinger Open"]
[Site "Böblingen"]
[Date "2013.12.27"]
[Round "2"]
[White "Eisenbeiser, Amadeus"]
[Black "Nasshan, Dennis"]
[Result "1-0"]
[WhiteElo "2341"]
[BlackElo "2162"]
[PlyCount "131"]
[EventDate "2013.12.26"]
[EventType "swiss"]
[EventRounds "9"]
[EventCountry "GER"]

1. e4 c5 2. Nf3 e6 3. c4 Nc6 4. Nc3 Nf6 5. d4 cxd4 6. Nxd4 Bb4 7. Nxc6 dxc6 8.
Qxd8+ Kxd8 9. e5 Ne4 10. a3 Bxc3+ 11. bxc3 b6 12. Be3 Kc7 13. h4 Ba6 14. h5
Nxc3 15. Rh4 Na4 16. Rg4 g6 17. Rf4 Rhf8 18. Rf3 Nc5 19. Bh6 Nd7 20. Bxf8 Rxf8
21. Re3 Bb7 22. f4 c5 23. O-O-O Nb8 24. g3 Nc6 25. Bd3 Nd4 26. Rf1 Rd8 27. Kb2
Nf5 28. Bxf5 gxf5 29. Kc3 Bc6 30. Rd3 Rg8 31. Rf2 Be4 32. Re3 h6 33. Rd2 Bc6
34. Rd6 Ba4 35. Kd2 Rg4 36. Ke1 Rg7 37. Kf2 Rg4 38. Re1 Rg8 39. Rh1 Bc6 40. Rc1
Ba4 41. Rd3 Kc8 42. Rg1 Rg4 43. Rh1 Bc6 44. Rhd1 Rg8 45. a4 a5 46. Ra1 Kc7 47.
Rd6 Rg4 48. Ra3 Rg8 49. Ke1 Be8 50. Kd2 Bc6 51. Kc1 Rg4 52. Kb2 Rg8 53. Rb3 Rb8
54. Ka3 Rg8 55. Rd1 Rg4 56. Rdb1 Rg8 57. Rxb6 Rxg3+ 58. R1b3 Rg4 59. Ra6 Rxf4
60. Rxa5 Rxc4 61. Ra7+ Kc8 62. Rg3 Rg4 63. Rc3 Kb8 64. Rxf7 Rxa4+ 65. Kb2 Rb4+
66. Kc1 1-0

[Event "30. Internationales Böblinger Open"]
[Site "Böblingen"]
[Date "2013.12.27"]
[Round "2"]
[White "Kabisch, Thilo"]
[Black "Ruff, Maximilian"]
[Result "0-1"]
[WhiteElo "2262"]
[BlackElo "2123"]
[PlyCount "144"]
[EventDate "2013.12.26"]
[EventType "swiss"]
[EventRounds "9"]
[EventCountry "GER"]

1. e4 e5 2. Nf3 Nc6 3. Bc4 Bc5 4. d3 d6 5. c3 Nf6 6. O-O O-O 7. b4 Bb6 8. a4 a6
9. Bg5 h6 10. Bh4 Qe7 11. Nbd2 Nd8 12. d4 Nc6 13. b5 axb5 14. axb5 Rxa1 15.
Qxa1 Nb8 16. Bd3 Bg4 17. Qa8 g5 18. Bg3 exd4 19. Qxb7 dxc3 20. Nc4 Nbd7 21. e5
dxe5 22. Nfxe5 Nc5 23. Qc6 Nxd3 24. Nxd3 Bd7 25. Qf3 Bg4 26. Qb7 Bc8 27. Bd6
Qe2 28. Qf3 Qxf3 29. gxf3 Rd8 30. Rc1 Bf5 31. Nb4 Rxd6 32. Nxd6 cxd6 33. Nc6
Bd3 34. Rxc3 Bxb5 35. Ne7+ Kf8 36. Nf5 Bc5 37. Rb3 Bd7 38. Rb8+ Ne8 39. Nxh6
Kg7 40. Ng4 Bxg4 41. fxg4 Nf6 42. h3 Ne4 43. Kg2 Nxf2 44. Rd8 Kf6 45. Rg8 Ne4
46. Re8 Nd2 47. Re2 Nc4 48. Kf3 Ne5+ 49. Ke4 Ke6 50. Rd2 Nd7 51. Rd1 d5+ 52.
Kd3 Ne5+ 53. Ke2 d4 54. Rb1 Kd5 55. Rb8 d3+ 56. Kd2 Ke4 57. Rb5 Be3+ 58. Kd1 d2
59. Ke2 Nd3 60. Rb7 Nf2 61. Re7+ Kd5 62. Rxe3 d1=Q+ 63. Kxf2 Qd2+ 64. Re2 Qf4+
65. Kg2 Kd4 66. Rf2 Qe4+ 67. Kg3 Ke3 68. Rf5 Qf4+ 69. Kg2 Qxf5 70. gxf5 Kf4 71.
f6 Kf5 72. Kf3 Kxf6 0-1